000 00332nam a2200145Ia 4500
005 20251222152011.0
008 251222s9999||||xx |||||||||||||| ||spa||
020 _a9786034007628
082 _a633.73/R61
100 _aRimache Artica, Mijail
245 0 _aCultivo de café
250 _a1ra.ed.
264 _bMacro
942 _cLIB
999 _c24893
_d24893